| 000 | 00596nam a2200217 4500 | ||
|---|---|---|---|
| 003 | OSt | ||
| 005 | 20260601170956.0 | ||
| 008 | 260508b2015\\\\|||ao|||\||||\00|\0\spa\d | ||
| 040 |
_aICI _bspa _cICI |
||
| 050 |
_aN6559.R63 _bA4 |
||
| 245 | 1 |
_aVicente Rojo: _bescrito-pintado |
|
| 264 |
_bMUAC _c2015 _aMéxico |
||
| 300 | _a240 páginas | ||
| 336 |
_atexto _2rdacontent |
||
| 337 |
_asin medio _2rdamedia |
||
| 338 |
_avolumen _2rdacarrier |
||
| 650 |
_aPintura mexicana _ySiglo XX _916604 |
||
| 650 |
_aDiseño gráfico _zMéxico |
||
| 650 |
_aArte abstracto _zMéxico _930632 |
||
| 942 |
_2lcc _cB _n1 |
||
| 999 |
_c19847 _d19847 |
||